|
|
|
|
| LEADER |
00000nab a2200000 a 4500 |
| 001 |
vtls001025451 |
| 003 |
SK-MaSNL |
| 005 |
20260303042731.0 |
| 008 |
040720e19980604xo 0 slo |
| 035 |
|
|
|a SL4007
|
| 040 |
|
|
|a SLLK
|b slo
|c SLLK
|e AACR2
|
| 041 |
0 |
|
|a slo
|
| 044 |
|
|
|a xo
|c SK
|
| 080 |
|
|
|a 796.323
|2 1981
|
| 100 |
0 |
|
|a (Z. Š)
|4 aut
|
| 245 |
1 |
0 |
|a Deviate miesto na festivale basketbalu
|
| 518 |
|
|
|a 15.05.-17.05.1998
|
| 610 |
2 |
7 |
|a ŠKM ARMIDA (Stará Ľubovňa, Slovensko)
|2 SLLK
|9 1028134
|
| 650 |
0 |
7 |
|a basketbal
|2 SLLK
|9 3290
|
| 650 |
0 |
7 |
|a festival basketbalu
|2 SLLK
|9 1029306
|
| 650 |
0 |
7 |
|a účasť
|2 SLLK
|9 512611
|
| 650 |
0 |
7 |
|a výsledky
|2 SLLK
|9 493505
|
| 651 |
|
7 |
|a Žilina (Slovensko)
|2 SLLK
|9 28812
|
| 655 |
|
7 |
|a periodikum
|2 snkbucl
|9 29553
|
| 710 |
2 |
|
|a ŠKM ARMIDA (Stará Ľubovňa, Slovensko)
|4 aut
|9 1028134
|
| 773 |
0 |
8 |
|t Ľubovnianske noviny
|g Roč. 24, č.21, 4.6.1998, s. 3
|
| 852 |
|
|
|a ZVYKNI
|b KIS3GCP
|
| 999 |
|
|
|c 1693528
|d 1695458
|